| 000 | 01771nam a2200289 a 4500 | ||
|---|---|---|---|
| 001 | 000027096 | ||
| 005 | 20240316073904.0 | ||
| 008 | 110329s1980 dr 000 | spa d | ||
| 040 |
_aDO-SdBNP _bspa _cBNPHU |
||
| 082 |
_a972.9301 _bV443v |
||
| 100 | 1 |
_aVeloz Maggiolo, Marcio, _d1936-2021 _91104 |
|
| 245 | 1 | 0 | _aVida y cultura de la prehistoria de Santo Domingo. |
| 260 |
_aSan Pedro de Macorís, República Dominicana : _bEdiciones de la UCE, _c1980. |
||
| 300 |
_a169 p. : _bil. ; _c24 cm. |
||
| 490 | 1 |
_aCientífica _v10 |
|
| 500 | _aIncluye referencias bibliográficas y notas al pie de las páginas. | ||
| 505 | 0 |
_gIntroducción -- _gI: _tLos poblamientos aborígenes de la Isla Española -- _tNota sobre modelos económicos de ocupación prehistórica en la Isla de Santo Domingo -- _tArte indígena y economía en Santo Domingo -- _tVariantes productivas de los agricultores precolombinos antillanos -- _tAcerca del Sistema de Aprendizaje en la Sociedad Indígena Antillana -- _gII: _tLa arqueología como ciencia social / _rDiana López de Molina -- _tComentarios a la ponencia -- _gIII: _tSobre Ajes y batatas -- _tNotas sobre la historia arqueológica: Las Antillas -- _tLos materiales arqueológicos como fuentes para la investigación histórica. |
|
| 590 | _aInventariado, 2020/VM | ||
| 650 | 4 |
_aArqueología e historia _933829 |
|
| 650 | 4 |
_aArqueología indígena _95209 |
|
| 650 | 4 |
_aArte precolombino _954172 |
|
| 651 | 4 |
_aSanto Domingo (República Dominicana{Rpara} _xArqueología _954173 |
|
| 651 | 4 |
_aRepública Dominicana _xHistoria _yÉPOCA PREHISPÁNICA, HASTA 1492 _954155 |
|
| 710 | 2 | 2 |
_aUniversidad Central del Este (San Pedro de Macorís, República Dominicana) _924850 |
| 830 | 0 |
_aCientífica ; _v10 _925797 |
|
| 910 | _aValidado. Control de calidad EMS | ||
| 999 |
_c26588 _d26588 |
||